| 000 | 00413cam a22001457a 4500 | ||
|---|---|---|---|
| 008 | 180718b2002 xxu||||| |||| 00| 0 eng d | ||
| 020 | _a978817072782 | ||
| 082 | _aL8 In7s | ||
| 245 | _aStudy On ACCOUNTING IN POWER SECTOR | ||
| 260 |
_aNew Delhi _bResearch Committee _c2002 |
||
| 300 | _aA76p. | ||
| 650 | _aPower resources - Accounting | ||
| 650 | _aEnergy policy -- India | ||
| 650 | _aPower resources -- India | ||
| 999 |
_c503080 _d503080 |
||